LEADER 00842nam0-22003011i-450- 001 990002895340403321 035 $a000289534 035 $aFED01000289534 035 $a(Aleph)000289534FED01 035 $a000289534 100 $a20000920d1983----km-y0itay50------ba 101 0 $aITA 200 1 $aAnnuario di statistiche demografiche$e1981$fIstituto centrale di statistica 210 $aRoma$cPoligrafico campano$d1983 215 $a160 p.$d25 cm 300 $aVol. 30 300 $aTomo 1 610 0 $aItalia$astatistiche demografiche$a1981 676 $a306.8 700 1$aIstat$0445627 801 0$aIT$bUNINA$gRICA$2UNIMARC 901 $aBK 912 $a990002895340403321 952 $aCDI-SD30a-83-Pos-58$b2207$fMAS 959 $aMAS 996 $aAnnuario di statistiche demografiche$9466662 997 $aUNINA DB $aING01 LEADER 03121nam 2200625 450 001 9910788642503321 005 20180731043847.0 010 $a0-8218-7741-0 010 $a0-8218-5484-4 035 $a(CKB)3240000000069679 035 $a(EBL)3113017 035 $a(SSID)ssj0000712551 035 $a(PQKBManifestationID)11407520 035 $a(PQKBTitleCode)TC0000712551 035 $a(PQKBWorkID)10644611 035 $a(PQKB)11352303 035 $a(MiAaPQ)EBC3113017 035 $a(WaSeSS)Ind00039357 035 $a(RPAM)3941579 035 $a(PPN)197104770 035 $a(EXLCZ)993240000000069679 100 $a19930517h19931993 uy| 0 101 0 $aeng 135 $aur|n|---||||| 181 $ctxt 182 $cc 183 $acr 200 00$aMapping class groups and moduli spaces of Riemann surfaces $eproceedings of workshops held June 24-28, 1991, in Go?ttingen, Germany, and August 6-10, 1991, in Seattle, Washington with support from the Sonderforschungsbereich 170 "Geometrie und Analysis" and the National Science Foundation /$fCarl-Friedrich Bo?digheimer, Richard M. Hain, editors 210 1$aProvidence, Rhode Island :$cAmerican Mathematical Society,$d[1993] 210 4$dİ1993 215 $a1 online resource (394 p.) 225 1 $aContemporary mathematics,$x0271-4132 ;$v150 300 $a"The Workshops on Mapping Class Groups and Moduli Spaces of Riemann Surfaces were held at the Mathematical Institute of the University of Go?ttingen, Go?ttingen, Germany." 311 $a0-8218-5167-5 320 $aIncludes bibliographical references. 327 $a""Contents""; ""Preface""; ""Introduction""; ""Participants""; ""List of Tables""; ""A combinatorial approach to reducibility of mapping classes""; ""Interval exchange spaces and moduli spaces""; ""Cohomology of the group of motions of n strings in 3-space""; ""Mapping class groups and classical homotopy theory""; ""Completions of mapping class groups and the cycle C a??? Ca???""; ""The rational Picard group of the moduli space of Riemann surfaces with spin structure""; ""On certain families of compact Riemann surfaces"" 327 $a""On the moduli space of principally polarized abelian varieties""""The Weil-Petersson volume of the moduli space of punctured spheres"" 410 0$aContemporary mathematics (American Mathematical Society) ;$v150. 606 $aRiemann surfaces$vCongresses 606 $aClass groups (Mathematics)$vCongresses 606 $aModuli theory$vCongresses 615 0$aRiemann surfaces 615 0$aClass groups (Mathematics) 615 0$aModuli theory 676 $a515/.9223 702 $aBo?digheimer$b Carl-Friedrich$f1956- 702 $aHain$b Richard M$g(Richard Martin),$f1953- 712 12$aWorkshop on Mapping Class Groups and Moduli Spaces of Riemann Surfaces$f(1991 :$eGo?ttingen, Germany; Seattle, Wash.), 801 0$bMiAaPQ 801 1$bMiAaPQ 801 2$bMiAaPQ 906 $aBOOK 912 $a9910788642503321 996 $aMapping class groups and moduli spaces of Riemann surfaces$93852123 997 $aUNINA